Statistiken für Deutsche Meister nach Jahr

Klicken Sie hier um das Quiz zu spielen!

Allgemein

  • Dieses Quiz wurde 116 mal gespielt
  • Das Durchschnittsergebnis liegt bei 5 aus 6

Antwortstatistiken

FrageAntwort% Korrekt
2011Borussia Dortmund
88%
2001FC Bayern
85%
2009VFL Wolfsburg
82%
2007VFB Stuttgart
74%
2004Werder Bremen
72%
19981. FC Kaiserslautern
69%

Verteilung der Resultate

Perzentil nach korrekt beantworteten Fragen

Anzahl Personen mit jedem Resultat

Ihre Resultats-Entwicklung

Sie haben dieses Quiz noch nicht gespielt